Normal view
MARC view
Entry Topical Term
001 - CONTROL NUMBER
- control field: 3141
003 - CONTROL NUMBER IDENTIFIER
- control field: OSt
005 - DATE AND TIME OF LATEST TRANSACTION
- control field: 20220615113402.0
008 - FIXED-LENGTH DATA ELEMENTS
- fixed length control field: 220615|| aca||aabn | a|a d
040 ## - CATALOGING SOURCE
- Original cataloging agency: OSt
- Transcribing agency: OSt
150 ## - HEADING--TOPICAL TERM
- Topical term or geographic name entry element: riadiaca práca
670 ## - SOURCE DATA FOUND
- Source citation: Work cat.: (OSt)0: Templar, Richard 799, 100 zlatých pravidel úspěšného manažera, 2006